000 01217cam a2200325 a 4500
001 2076
005 20250407121052.0
020 _a9780811868662
020 _a0811868664
020 _a9780545673860
040 _aDLC
_cDLC
_dBTCTA
_dTEF
_dXY4
_dDLC
_beng
050 0 0 _aQC926.32
_b.C37 2009
082 0 0 _a551.57/84
_222
100 1 _aCassino, Mark
245 1 4 _aThe story of snow :
_bthe science of winter's wonder /
_cby Mark Cassino ; with Jon Nelson ; illustrations by Nora Aoyagi.
250 _aFirst Scholastic Printing, December 2013
260 _aSan Francisco :
_bChronicle Books,
_c2009
300 _a33 pages :
_c23x23 cm
505 _aM
520 _aThis book about the science of snow features photos of snow crystals in their beautiful diversity and includes how snow crystals are formed into different shapes and snow-crystal-catching instructions in the back of the book.
521 _a630
_bLexile
521 _aM
_bRaz-Plus
650 0 _aSnowflakes
_vJuvenile literature.
650 0 _aWinter
650 1 _aChristmas
700 1 _aNelson, Jon,
_cPh.D.
_ejoint author.
700 1 _aAoyagi, Nora,
_eillustrator
906 _a7
_bcbc
_corignew
_d1
_eecip
_f20
_gy-gencatlg
942 _2ddc
_cBK
_n0
999 _c2076
_d2076